| Tag |
First Indicator |
Second Indicator |
Subfields |
| LEADER |
00000cam a2200000 4500 |
| 001 |
in00000093276 |
| 005 |
20150927070130.0 |
| 008 |
710920s1970 enka b 00110 eng |
| 010 |
|
|
|a 79593770
|
| 015 |
|
|
|a B71-05256
|
| 020 |
|
|
|a 024050724X
|c 5.50
|
| 035 |
|
|
|a (OCoLC)00165296
|
| 035 |
|
|
|9 AAL5114AM
|
| 040 |
|
|
|a DLC
|c DLC
|d TXA
|d UtOrBLW
|
| 049 |
|
|
|a TXAM
|c [1128860]
|
| 050 |
0 |
0 |
|a TR287
|b .C65
|
| 082 |
0 |
|
|a 770/.28
|
| 100 |
1 |
|
|a Coote, Jack Howard Roy.
|
| 245 |
1 |
0 |
|a Photofinishing techniques and equipment /
|c [by] Jack H. Coote.
|
| 264 |
|
1 |
|a London,
|a New York :
|b Focal Press,
|c 1970.
|
| 300 |
|
|
|a 293 pages :
|b illustrations ;
|c 25 cm.
|
| 336 |
|
|
|a text
|b txt
|2 rdacontent
|
| 337 |
|
|
|a unmediated
|b n
|2 rdamedia
|
| 338 |
|
|
|a volume
|b nc
|2 rdacarrier
|
| 490 |
1 |
|
|a The Focal library
|
| 504 |
|
|
|a Includes bibliographical references.
|
| 650 |
|
0 |
|a Photography
|x Processing.
|
| 830 |
|
0 |
|a Focal library.
|
| 999 |
|
|
|a MARS
|
| 999 |
f |
f |
|s 78c55857-7e30-3daf-b28a-f0012fd6eb76
|i 0d720f1b-6946-3e10-9625-5ca1bd32293d
|t 0
|
| 952 |
f |
f |
|p ric
|a Texas A&M University
|b Rellis Campus
|c Joint Library Facility
|d Remote Storage
|t 0
|e TR287 .C65
|h Library of Congress classification
|i unmediated -- volume
|m A14805626125
|
| 998 |
f |
f |
|a TR287 .C65
|t 0
|l Remote Storage
|